Представление документа в формате MARC21

Поле Инд. ПП Название Значение
Тип записи a
Библиографический уровень m
001 Контрольный номер RU/LIBMSTU/282153018
005 Дата корректировки 20160127114400.7
008 Кодируемые данные 081223|||||||||ru |||||||||||000|||rus||
020 a ISBN 978-5-691-01513-7
c Цена, тираж 120-00
040 b Код языка каталог. rus
041 a Код языка текста rus
084 a Индекс другой классификации/Индекс ББК 60.99+60.54
090 a Полочн. индекс 60.9
x Авторский знак К 70
100 1_ a Автор Коряковцева О. А.
245 10 a Заглавие Комплексная поддержка молодой семьи
b Продолж. заглавия учеб.-метод. пособие
260 a Место издания Москва
b Издательство Владос
c Дата издания 2008
300 a Объем 204 с.
440 a Серия Учебное пособие для вузов
504 a Библиография Библиогр.: с. 198-203
650 a Основная рубрика Социальная работа-Семья-Учебные издания для высших учебных заведений
653 a Ключевые слова Работа социальная
653 1_ a Ключевые слова Семья
653 1_ a Ключевые слова Семья молодая
653 1_ a Ключевые слова Семья молодежная
653 1_ a Ключевые слова Воспитание детей
653 1_ a Ключевые слова Социальная поддержка семей
653 1_ a Ключевые слова Организации семейные
700 a Другие авторы Рожков М. И.
901 t Тип документа m
952 b Гриф литературы для ВШ Допущено УМО
c Вид литературы учебно-методическое издание